067_ Personnalités nées un 8 mars par images - Statistiques

Statistiques générales
  • Ce quiz a été pris 19 fois
  • Le résultat moyen est 1 sur 9
Statistiques - réponses
Par images Hint Réponse % Correct
Politicienne Sandrine Rousseau
100%
Politicien Claude Malhuret
16%
Acteur James Van Der Beek
16%
Musicien George Coleman
5%
Acteur Boris Kodjoe
0%
Actrice Claire Trevor
0%
Dirigeant Politique Konstantunis Karamanlis
0%
Actrice Lynn Redgrave
0%
Chanteur Sergueï Nikitine
0%
Aucun quiz correspondant
Distribution des résultats
% des personnes avec chaque résultat
Percentile par nombre de réponses
Votre historique - résultats
Vous n’avez pas pris ce quiz